000 00689cam a22002051 4500
001 sa 64008568
003 DLC
005 20260227112055.0
008 810925s1964 ii a b 000 0 eng
010 _asa 64008568
025 _aPL480:I-E-3438
040 _aDLC
_cDLC
_dDLC
050 0 0 _aQ182.3
_b.N37 1964
110 2 _aNational Institute of Education (India).
_bDepartment of Science Education.
245 1 0 _aGeneral science handbook of activities, classes VI-VIII.
260 _a[New Delhi]
_bNational Council of Educational Research and Training
_c[1964]
300 _aiv, 458 p.
_billus.
_c28 cm.
504 _aBibliography: p. [435]-441.
650 0 _aScience
_xLaboratory manuals.
999 _c60927
_d60927